<?xml version="1.0" encoding="UTF-8"?>
<marc:record xmlns:marc="http://www.loc.gov/MARC21/slim">
   <marc:leader>00000nam a2200000 a 4500</marc:leader>
   <marc:datafield ind1="1" ind2=" " tag="100">
      <marc:subfield code="a">O'Donnell, Roisin</marc:subfield>
      <marc:subfield code="4">aut</marc:subfield>
      <marc:subfield code="e">Verfasser/-in</marc:subfield>
   </marc:datafield>
   <marc:datafield ind1="0" ind2="0" tag="245">
      <marc:subfield code="a">Nest</marc:subfield>
   </marc:datafield>
   <marc:datafield ind1="0" ind2="0" tag="245">
      <marc:subfield code="b">Roman</marc:subfield>
   </marc:datafield>
   <marc:datafield ind1="0" ind2="0" tag="245">
      <marc:subfield code="c">Roisin O'Donnell ; aus dem irischen Englisch von Melike Karamustafa</marc:subfield>
   </marc:datafield>
   <marc:datafield ind1=" " ind2="1" tag="264">
      <marc:subfield code="a">München</marc:subfield>
      <marc:subfield code="b">Blessing</marc:subfield>
      <marc:subfield code="c">2025</marc:subfield>
   </marc:datafield>
   <marc:datafield ind1="1" ind2=" " tag="520">
      <marc:subfield code="a">Quelle: bn.bibliotheksnachrichten (http://www.biblio.at/literatur/bn/index.html); #Autor: Monika Roth; #Erstlingsroman einer für ihre Short Stories bekannten irischen Autorin über den Ausbruch einer mehrfachen Mutter aus ihrer toxischen Ehe. (DR)#Ciara Fay, Mutter zweier kleiner Töchter und erneut schwanger, lebt mit ihrer Familie in einem grünen Dubliner Viertel  nach außen ein harmonisches Leben mit ihrem Mann Ryan, einem angesehenen Beamten und katholischen Familienvater. Doch hinter der Fassade herrscht psychische, emotionale und  wie sich im Lauf der Erzählung zeigt  auch sexuelle Gewalt. Ryan kontrolliert jeden Aspekt von Ciaras Leben: Er isoliert sie, macht sie finanziell abhängig und schiebt ihr jede Schuld zu. Aus Angst um ihre Kinder fasst Ciara eines Tages spontan den Entschluss zur Flucht. Sie packt das Nötigste, setzt ihre Töchter ins Auto und verlässt ihn.#Was in vielen Erzählungen das Ende markiert, ist hier der Anfang: Denn »Weggehen ist eine Sache, Wegbleiben eine andere«. Der Roman begleitet Ciara auf ihrem Weg in ein selbstbestimmtes Leben  über eine Notunterkunft im Hotel, die schwierige Geburt ihres dritten Kindes, den mühsamen Wiedereinstieg ins Berufsleben, die fast aussichtslose Wohnungssuche, bis hin zum Wiederfinden der eigenen Stimme, dem Aufbau eines unterstützenden Freundeskreises und der vorsichtigen Hoffnung auf eine gesunde neue Beziehung.#Als kraftvolle Metapher dient ein junger Rabe: vom gewalttätigen Ehemann halbherzig gepflegt, später von Ciara gerettet und schließlich in die Freiheit entlassen. Ein starker Roman über den schwierigen Weg aus Gewalt, über Mutterschaft, Emanzipation und das Ringen um Selbstbestimmung  getragen von Frauensolidarität und einem feinen schwarzen Humor. Besonders empfohlen für Bibliotheken, Beratungsstellen und alle, die sich für gesellschaftspolitische Fragen interessieren.</marc:subfield>
   </marc:datafield>
   <marc:datafield ind1=" " ind2=" " tag="020">
      <marc:subfield code="a">9783896677587</marc:subfield>
      <marc:subfield code="9">9783896677587</marc:subfield>
   </marc:datafield>
   <marc:datafield ind1=" " ind2=" " tag="041">
      <marc:subfield code="a">ger</marc:subfield>
   </marc:datafield>
   <marc:datafield ind1=" " ind2=" " tag="300">
      <marc:subfield code="a">416 Seiten</marc:subfield>
   </marc:datafield>
</marc:record>
